Score 0/15 Timer 04:00
2 Plays Today
% Correct
South Africa
93.5%
Egypt
87%
Madagascar
86.6%
Algeria
84.6%
Morocco
81.5%
Libya
78%
Somalia
77.7%
Mozambique
74.6%
% Correct
Angola
71.5%
Namibia
64.2%
Tanzania
63.8%
Tunisia
40.1%
Eritrea
34.5%
Cabo Verde
22.9%
Gabon
14.2%
Remove Ads.
Support Sporcle.
Get the best of Sporcle when you Go Orange. This ad-free experience offers more features, more stats, and more fun while also helping to support Sporcle. Thank you for becoming a member.

You're not logged in!

Compare scores with friends on all Sporcle quizzes.
OR
Log In

Show Comments

Extras

Top Quizzes Today


Score Distribution

Your Account Isn't Verified!

In order to create a playlist on Sporcle, you need to verify the email address you used during registration. Go to your Sporcle Settings to finish the process.

Report this User

Report this user for behavior that violates our Community Guidelines.

Details: